Beiträge zur Nominalphrasensyntax

Elmentve itt :
Bibliográfiai részletek
További közreműködők: Bassola Péter
Dokumentumtípus: Könyv
Megjelent: 1998
Sorozat:Acta germanica 6
Kulcsszavak:Névszói mondat - összehasonlító - tanulmányok
Tárgyszavak:
Online Access:http://acta.bibl.u-szeged.hu/36984
LEADER 00689nam a2200217 i 4500
001 acta36984
005 20260224081030.0
008 161201s1998 hu o 000 hun d
020 |a 963 482 263 0 
022 |a 1216-9455 
040 |a SZTE Egyetemi Kiadványok Repozitórium  |b hun 
041 |a hun 
245 0 0 |a Beiträge zur Nominalphrasensyntax  |h [elektronikus dokumentum] 
260 |c 1998 
300 |a 196 
490 0 |a Acta germanica  |v 6 
650 4 |a Bölcsészettudományok 
650 4 |a Nyelvek és irodalom 
695 |a Névszói mondat - összehasonlító - tanulmányok 
700 0 1 |a Bassola Péter 
856 4 0 |u http://acta.bibl.u-szeged.hu/36984/1/germanica_006.pdf  |z Dokumentum-elérés